Học tiếng Anh với Facebook : Học trực tuyến với 300 triệu giáo viên
Hướng dẫn cải thiện, nâng cao và phát triển các kỹ năng nghe - nói - đọc - viết tiếng Anh thông qua việc sử dụng mạng xã hội facebook
שמור ב:
| מחבר ראשי: | |
|---|---|
| פורמט: | ספר |
| שפה: | Undetermined |
| יצא לאור: |
Thành phố Hồ Chí Minh
Tổng hợp Thành phố Hồ Chí Minh
2019
|
| נושאים: | |
| תגים: |
הוספת תג
אין תגיות, היה/י הראשונ/ה לתייג את הרשומה!
|
| Thư viện lưu trữ: | Trung tâm Học liệu Trường Đại học Cần Thơ |
|---|
| LEADER | 00981nam a2200241Ia 4500 | ||
|---|---|---|---|
| 001 | CTU_238813 | ||
| 008 | 210402s9999 xx 000 0 und d | ||
| 020 | |c 268000 | ||
| 082 | |a 428.24 | ||
| 082 | |b H874 | ||
| 100 | |a Huang, Khelia | ||
| 245 | 0 | |a Học tiếng Anh với Facebook : | |
| 245 | 0 | |b Học trực tuyến với 300 triệu giáo viên | |
| 245 | 0 | |c Khelia Huang ; Nguyễn Thành Yến (dịch) | |
| 260 | |a Thành phố Hồ Chí Minh | ||
| 260 | |b Tổng hợp Thành phố Hồ Chí Minh | ||
| 260 | |c 2019 | ||
| 520 | |a Hướng dẫn cải thiện, nâng cao và phát triển các kỹ năng nghe - nói - đọc - viết tiếng Anh thông qua việc sử dụng mạng xã hội facebook | ||
| 650 | |a Tiếng Anh,English language | ||
| 650 | |x Dạy và học,Study and teaching | ||
| 904 | |i Tuyến | ||
| 910 | |a Hải | ||
| 980 | |a Trung tâm Học liệu Trường Đại học Cần Thơ | ||